MDQL
is popping MORE tags! Check the
thread
!
Quizzes
Events
Quiz Creation
Community
Videos
Private Events
Remove Ads
Sign In
Join for FREE
Feedback
Dark Mode
Quiz Categories
Sports
Geography
Music
Movies
Television
Just For Fun
Miscellaneous
History
Literature
Language
Science
Gaming
Entertainment
Religion
Holiday
For Kids
Quiz Lab
Recent
Popular Today
Quiz Kudos Today
Editor Picks
Curator Picks
Quizzes by...
Day
Popularity
Type
Ratings
Length
Year
Community
Subscriptions
Recent Discussions
Orange Saloon
Badges
Playlists
Quests
Create
Leaderboards
Showdown
Live 5
Trivia Bingo
Activity
Puzzle Library
Sporcle Events
Private Events
Virtual Trivia
Globe League
Become a Host
Pub Owners
SporcleCon
Opinionation
Our Games
Videos
Blog
Mobile Apps
Partnerships
Remove Ads and Go Orange
Feedback
Science
Computer
Plants
Astronomy
Chemistry
Elements
Math
Animal
Physics
Anatomy
Biology
Geology
General Science
Science
Computer
Plants
Astronomy
Chemistry
Elements
Math
Animal
Physics
Anatomy
Biology
Geology
General Science
Random Quiz
Search Sporcle
×
Quiz Lab
Quiz Lab
Science
Physiology
Type in answers that appear in a list
Type in answers that appear in a list
Classic
Best Score? Go Orange.
Miller Cardio Physiology Stats
Can you name the Miller Cardio Physiology ?
By
babydoctor
15m
50 Questions
230 Plays
230 Plays
230 Plays
Comments
Comments
Give Quiz Kudos
Give Quiz Kudos
-
- Ratings
hide this ad
Forced Order
Answers have to be entered in order
Answers have to be entered in order
Random Order
Randomize order of answers
Randomize order of answers
Replay
Link that replays current quiz
Next Quiz
Link to next quiz in quiz playlist
You Got
0%
They Got
Avg Score
44%
Avg Friend Score
Upgrade to see
Score Distribution
Jump to the score distribution portion of the page
Score
0/50
Timer
15:00
0
Plays Today
x
xx
% Correct
This node sets the heart rate at 40-
55 beats/
min if the SA node fails.
AV node
63%
This node sets the heart rate at 60-
100 beats per minute.
SA node
62.6%
In neurons, the first cell to depolarize is the _
_
_
_
_
_
cell to repolarize.
first
62.2%
This organ gets the most flow per gram tissue because it is a filtration system.
kidney
62.2%
Systole or Diastole: Isovolumic relaxation, Filling of Ventricles, Atrial Contraction
Diastole
61.7%
Systole or Diastole: Isovolumic contraction, Ventricular Ejection
Systole
61.3%
Increase in the amount of these channels increases the rate of depolarization.
Ca or Na
60%
In heart cells, the last cell to depolarize is the _
_
_
_
_
_
cell to repolarize.
first
60%
These valves shut at the beginning of Systole. S1.
AV valves
59.1%
These valves shut at the beginning of Diastole. S2.
Semilunar valves
58.7%
Preload or Afterload: Pressure that the ventricles need to have in order to eject blood.
Afterload
58.7%
This organ extracts the most oxygen.
heart
58.7%
a, c or v wave: atria contracting and pushing blood into the ventricles.
a wave
58.3%
a, c or v wave: ventricles contract and push back on the AV valve.
c wave
57%
Autonomic control that decreases heart rate and conduction.
Parasympathetic
55.7%
Counting the boxes between R waves, multiplying by 0.04s, taking an inverse, and multiplying by 60 is way to calculate _
_
_
_
_
_
from an EKG.
Heart rate
55.2%
What channel is open in the upstroke of action potential of conducting and contracting cells?
Na
54.3%
Autonomic control that increases heart rate, conduction, and contractility.
Sympathetic
54.3%
a, c or v wave: passive filling of atria because the AV valve is closed.
v wave
53.5%
The only way for a signal to get from atrium to ventricles is through this.
AV node
53%
Fastest action potential in the heart is through these fibers.
Purkinje
51.3%
Autonomic control that innervates only nodal cells and only controls heart rate. It does it through acetylcholine binding to muscarinic receptors.
Parasympathetic
48.7%
Autonomic control that acts on nodal cells, ventricular muscles, and smooth muscles surrounding blood vessels.
Sympathetic
48.3%
Aortic _
_
_
_
_
_
is when the aorta narrows and ventricles have to generate pressure that is larger than normal.
stenosis
47.4%
This organ has blood flow that is in series with all other organs.
Lung
47.4%
x
xx
% Correct
This neurotransmitter is released by PNS and increases the number of K+ channels.
Acetylcholine
47%
This channel in the pacemaker action potential opens when the membrane becomes more negative and does not inactivate.
Na
46.1%
Amount of blood ejected by the ventricles.
Stroke Volume
45.2%
These organs have capillary beds that are in series.
Liver, GI, Kidney
40.4%
This type of muscle has a plug on SR that is taken out when Calcium binds to the T-
tubule membrane.
Skeletal
38.3%
Change in Pressure = Flow * _
_
_
_
_
_
_
_
_
Resistance
38.3%
What type of Calcium channel is open in the upstroke of Pacemaker action potential?
L-type
37.8%
The ST interval reads zero in EKG because all the cells are _
_
_
_
_
_
_
_
_
_
_
.
depolarized
37.8%
These cells set the heart rate at 25-
40 beats/
min if the AV node fails
Purkinje
35.7%
What interval is the time between atrial depolarization and ventricular depolarization.
PR interval
35.7%
What interval is the time between ventricular depolarization and ventricular repolarization?
QT interval
34.8%
_
_
_
_
_
_
_
_
Recoil prevents aortic pressure from falling.
Elastic
34.8%
Aortic _
_
_
_
_
_
is when the valve does not shut properly and the pressure drop is faster and more significant.
regurgitation
34.3%
Slowest action potential in the heart is through these modified cardiac myocytes.
SA node or AV node
32.2%
Calcium ATPase is the _
_
_
_
_
_
_
active transporter of Calcium out of the cell.
primary
31.3%
The right and left side of the heart are two pumps in _
_
_
_
_
_
_
_
_
_
_
.
series
30%
Bundle of His, Bundle Branches, and Purkinje System are _
_
_
_
_
_
_
_
_
cells.
Conducting
29.6%
An increase in Reynolds number results in increased chance of _
_
_
_
_
_
_
_
flow.
turbulent
29.1%
Velocity of Blood Flow = Flow /
_
_
_
_
_
_
Area
28.7%
The long action potential in cardiac muscle prevents the summation of twitches called _
_
_
_
_
_
_
_
_
_
_
.
tetanus.
27.4%
What type of Calcium channel is open in the slow depolarization of the Pacemaker action potential?
T-type
26.5%
There is a decrease in _
_
_
_
_
_
_
_
_
_
in heart failure.
contractility
23.9%
An increase in _
_
_
_
_
_
_
_
_
is a compensation for heart failure where sympathetic stimulation of veins push more blood back to the heart.
Preload
19.6%
An increase in _
_
_
_
_
_
_
_
_
is a compensation for heart failure where the systolic function curve shifts back to the left.
contractility
17.4%
Name an electrical event that is not detected on an EKG.
SA node, AV node, Bundle of His, Purkinje Network
15.2%
Quiz Playlist
Details
Report
Send in Message
Add To Playlist
Classic:
Type in answers that appear in a list
Forced Order:
Answers have to be entered in order
Random Order:
Randomize order of answers
Last Updated: Feb 16, 2017
Quiz Scoreboard
CHALLENGE
Sign Up to Join the Scoreboard
Show All
Scores
Hide
Comments
May contain spoilers
Recently Published
Two Season TV Shows II
by 123Four
Television
10m
Image Sorting: Flags VI
by Barbecue
Geography
2m
Find the 'City' Movie
by crazypaving
Movies
60s
More to Explore
Quiz From the Vault
Featured Blog Post
14 Easter Pick-up Lines to Find Eggs With
hide this ad
You Might Also Like...
Tags
Miller
Physiology
Today's Top Quizzes in Science
Browse Science
hide this ad
Today's Top Quizzes in Physiology
Browse Physiology
Top Contributed Quizzes in Science
1
Mitosis Sporcle for Escape Room
2
Windmill: Elements
3
200 Vogels in Nederland
4
Square Numbers Scrambled (1-50)
5
Elements In Images
6
Glycolysis
7
Count to 60
8
Quick Pick: 'CI-CJ' Animals
9
17 TIMES TABLE
10
perfect squares 1-25
Explore More
Trending Topics
Harry Potter
Kpop
Disney
Marvel
Anime
Crossword
NBA
The Office
WWE
Soccer
Song
Pokémon
NFL
Country
Puzzle
hide this ad
More By:
babydoctor
Quiz
Plays
Rating
Category
Featured
Created
Lower Limb Muscle Innervations
3,748
Science
Sep 17, 2011
Sensorineural Hearing Loss
1,853
Science
Nov 24, 2011
Congenital Heart Disease
696
5.00
Science
Mar 20, 2011
Lower Limb Anatomy
522
Science
Sep 16, 2011
Childhood Exanthems
443
Science
Apr 13, 2012
Go to Creator's Profile
Score Distribution
Quiz Creator Spotlight
babydoctor
Follow
Send a Message
Quizzes Created
-
Created Quiz Play Count
-
More By This Creator
Popular Quizzes Today
1
Find the US States - No Outlines Minefield
2
Colored Red Africa Blitz
3
Find the 'City' Movie
4
5x2 Blitz: Bands
5
The Countries of the World
6
Find the Countries of Europe - No Outlines Minefield
7
Find the US States
8
US States
More Science Quizzes
Earth's Crust Elements
Published
Trending Quizzes
Colored Red Europe Blitz I
Colored Red Africa Blitz II
Colored Red Europe Blitz II
Colored Red Africa Blitz III
Colored Red Europe Blitz III
Recently Updated
How Do You Spell That?
pecheneg
Godzilla Movies
pecheneg
Grab Bag: 4-10 Letters
pecheneg
2024 March Madness Bracket
pecheneg
Famous TV Couples
Peacemaker
Champions League XIs: Real Madrid
pecheneg
Largest US Cities 1790-2010
pecheneg
Rides in Walt Disney World
pecheneg
Most Oscar Losses (Acting)
pecheneg
Beyoncé Albums
pecheneg
Trending Topics
Anime
Harry Potter
Disney
Marvel
Crossword
NBA
Kpop
Puzzle
The Office
Pokémon
WWE
Soccer
Country
NFL
Song
Your Account Isn't Verified!
In order to create a playlist on Sporcle, you need to verify the email address you used during registration. Go to your
Sporcle Settings
to finish the process.
Report this User
Report this user for behavior that violates our
Community Guidelines
.
Details:
Send Report
Go to the Sporcle.com Mobile Site →
Comments